[Event "FRA-chT2 1011"]
[Site "France"]
[Date "2010.11.13"]
[Round "2.1"]
[White "Gervais, Victor"]
[Black "Keller, Christophe"]
[Result "1-0"]
[WhiteElo "2322"]
[BlackElo "2209"]
[PlyCount "55"]
[EventDate "2010.10.17"]
[EventType "team-tourn"]
[EventRounds "11"]
[EventCountry "FRA"]
[SourceTitle "EXT 2012"]
[Source "ChessBase"]
[SourceDate "2011.11.24"]
[SourceVersion "1"]
[SourceVersionDate "2011.11.24"]
[SourceQuality "1"]

1. d4 e6 2. Nf3 Nf6 3. Bg5 h6 4. Bh4 b6 5. e3 Bb7 6. Bd3 Be7 7. Nc3 g5 8. Bg3 g4 9. Ne5 h5 10. e4 d6 11. Nc4 Nxe4 12. Bxe4 Bxe4 13. Nxe4 d5 14. Be5 Rg8 15. Qd3 dxc4 16. Qxc4 Qd5 17. Qxd5 exd5 18. Ng3 h4 19. Nf5 Bd8 20. 0-0 Nc6 21. Rae1 Kd7 22. Nh6 Nxe5 23. Nxg8 Nc6 24. Nh6 Nxd4 25. c3 Ne6 26. Nxf7 Bf6 27. Nh6 g3 28. fxg3 1-0

[Event "Rouen op"]
[Site "Rouen"]
[Date "2009.12.22"]
[Round "7"]
[White "Goy, Wilfried"]
[Black "Gervais, Victor"]
[Result "0-1"]
[WhiteElo "1934"]
[BlackElo "2313"]
[PlyCount "142"]
[EventDate "2009.12.19"]
[EventType "swiss"]
[EventRounds "7"]
[EventCountry "FRA"]
[SourceTitle "EXT 2011"]
[Source "ChessBase"]
[SourceDate "2010.11.26"]
[SourceVersion "1"]
[SourceVersionDate "2010.11.26"]
[SourceQuality "1"]

1. e4 d6 2. d4 f5 3. Nc3 Nf6 4. Bd3 e6 5. Be3 fxe4 6. Nxe4 Nxe4 7. Bxe4 Qh4 8. Qd3 d5 9. Bf3 Bd6 10. 0-0-0 0-0 11. g3 Qe7 12. h4 Nd7 13. g4 c6 14. Be2 e5 15. Nh3 e4 16. Qd2 b6 17. Kb1 a5 18. Nf4 Qf7 19. Nh3 Ba6 20. g5 Bxe2 21. Qxe2 Qf3 22. Qd2 b5 23. g6 hxg6 24. Ng5 Qh5 25. Rdg1 Nb6 26. Rg2 Bb4 27. Qc1 Nc4 28. Ne6 Rf6 29. Nf4 Rxf4 30. Bxf4 Rf8 31. Be3 Rf6 32. Rg5 Qf3 33. Rd1 Nxe3 34. Qxe3 Qxf2 35. Qxf2 Rxf2 36. Rxg6 e3 37. c3 e2 38. Re1 Kf7 39. Rgg1 Be7 40. Rh1 Kg6 41. h5+ Kf5 42. h6 gxh6 43. Kc2 Bg5 44. Kd3 Rf3+ 45. Kxe2 Ke4 46. Rd1 b4 47. Rhg1 bxc3 48. Rg4+ Bf4 49. bxc3 Re3+ 50. Kf2 Rxc3 51. Rg8 Rc2+ 52. Ke1 Kf3 53. Re8 Rc3 54. Kf1 a4 55. Re6 h5 56. Re2 Bg3 57. Red2 Ke3 58. Re2+ Kf3 59. Red2 Ke4 60. Re2+ Kf4 61. Kg2 h4 62. Re8 Rc2+ 63. Kg1 Kg4 64. Re6 a3 65. Kh1 Rh2+ 66. Kg1 Rc2 67. Kh1 Kh3 68. Rg6 Rxa2 69. Rxc6 Rh2+ 70. Kg1 a2 71. Kf1 Rh1+ 0-1

[Event "FRA-chT1 0910"]
[Site "France"]
[Date "2009.10.18"]
[Round "3.5"]
[White "Gervais, Victor"]
[Black "Saada, Julien"]
[Result "1-0"]
[WhiteElo "2308"]
[BlackElo "2328"]
[PlyCount "67"]
[EventDate "2009.09.27"]
[EventType "team-tourn"]
[EventRounds "11"]
[EventCountry "FRA"]
[SourceTitle "EXT 2011"]
[Source "ChessBase"]
[SourceDate "2010.11.26"]
[SourceVersion "1"]
[SourceVersionDate "2010.11.26"]
[SourceQuality "1"]

1. d4 d5 2. c4 e6 3. Nc3 Nf6 4. Bg5 c6 5. Nf3 Nbd7 6. Qc2 h6 7. Bh4 dxc4 8. e4 g5 9. Bg3 b5 10. Be2 Bb7 11. 0-0 Bb4 12. a3 Bxc3 13. bxc3 0-0 14. Bd6 Re8 15. e5 Nd5 16. Nd2 c5 17. Bh5 Nf8 18. dxc5 Nf4 19. Bf3 Bxf3 20. Nxf3 N8g6 21. Qe4 Nd5 22. Rfc1 Ngf4 23. g3 Nd3 24. Rc2 Qa5 25. h4 Nxc3 26. Qg4 Nd5 27. hxg5 h5 28. Qxh5 Ne7 29. Bxe7 Rxe7 30. Kg2 f5 31. gxf6 Rh7 32. Qg6+ Kh8 33. Ng5 Qc7 34. f7 1-0

[Event "FRA-chT2 North 0607"]
[Site "France"]
[Date "2007.02.11"]
[Round "7.2"]
[White "Gervais, Victor"]
[Black "Lefebvre, Herve"]
[Result "1/2-1/2"]
[WhiteElo "2254"]
[BlackElo "2226"]
[PlyCount "44"]
[EventDate "2006.10.15"]
[EventType "team-tourn"]
[EventRounds "11"]
[EventCountry "FRA"]
[SourceTitle "EXT 2008"]
[Source "ChessBase"]
[SourceDate "2007.11.25"]
[SourceVersion "1"]
[SourceVersionDate "2007.11.25"]
[SourceQuality "1"]
[WhiteTeam "Maromme"]
[BlackTeam "Gonfreville II"]
[WhiteTeamCountry "FRA"]
[BlackTeamCountry "FRA"]

1. d4 Nf6 2. c4 e6 3. Nf3 b6 4. Bg5 Bb7 5. e3 Be7 6. Nc3 d5 7. Qc2 h6 8. Bf4 0-0 9. Bd3 c5 10. cxd5 cxd4 11. d6 dxc3 12. dxe7 Qxe7 13. Qxc3 Nd5 14. Qd4 Nc6 15. Qa4 Ncb4 16. Be2 Bc6 17. Qb3 Nxf4 18. exf4 Bd5 19. Qa4 Bc6 20. Qb3 Bd5 21. Qa4 Bc6 22. Qb3 Bd5 1/2-1/2

[Event "FRA-chT2 North 0607"]
[Site "France"]
[Date "2006.10.15"]
[Round "1.2"]
[White "Gervais, Victor"]
[Black "Barsov, Alexei"]
[Result "0-1"]
[WhiteElo "2252"]
[BlackElo "2537"]
[PlyCount "86"]
[EventDate "2006.10.15"]
[EventType "team-tourn"]
[EventRounds "11"]
[EventCountry "FRA"]
[SourceTitle "EXT 2008"]
[Source "ChessBase"]
[SourceDate "2007.11.25"]
[SourceVersion "1"]
[SourceVersionDate "2007.11.25"]
[SourceQuality "1"]
[WhiteTeam "Maromme"]
[BlackTeam "Chalons en Champagne"]
[WhiteTeamCountry "FRA"]
[BlackTeamCountry "FRA"]

1. d4 d5 2. c4 e6 3. Nc3 Bb4 4. Nf3 Ne7 5. Qc2 dxc4 6. e4 b5 7. a4 c6 8. Be2 Bb7 9. 0-0 a6 10. b3 cxb3 11. Qxb3 Ba5 12. Ba3 0-0 13. Rfc1 Re8 14. h4 h6 15. Nd1 Nd7 16. Ne3 Nf6 17. Bd3 Ng6 18. e5 Nh5 19. Bxg6 fxg6 20. Nc4 bxc4 21. Qxb7 Qd5 22. Rc2 Nf4 23. Bc1 Nxg2 24. Kxg2 Reb8 25. Qe7 Bb4 26. Qc7 Rf8 27. Be3 Qxf3+ 28. Kh2 c3 29. Rb1 Rf7 30. Qb6 a5 31. Rg1 Qe4 32. Rcc1 Qxh4+ 33. Kg2 Qe4+ 34. Kh2 Rf5 35. Rg3 Raf8 36. Rcg1 Rh5+ 37. Rh3 Rxh3+ 38. Kxh3 Rf6 39. Rg3 c2 40. Qd8+ Rf8 41. Qg5 Qh1+ 42. Kg4 h5+ 43. Qxh5 Qxh5# 0-1

[Event "FRA-chT2 0405"]
[Site "France"]
[Date "2004.11.07"]
[Round "3.2"]
[White "Gervais, Victor"]
[Black "Romieux, Sebastien"]
[Result "1-0"]
[WhiteElo "2293"]
[BlackElo "2222"]
[PlyCount "81"]
[EventDate "2004.10.10"]
[EventType "team-tourn"]
[EventRounds "11"]
[EventCountry "FRA"]
[SourceTitle "EXT 2006"]
[Source "ChessBase"]
[SourceDate "2005.11.24"]
[SourceVersion "1"]
[SourceVersionDate "2005.11.24"]
[SourceQuality "1"]
[WhiteTeam "Maromme"]
[BlackTeam "Creteil  II"]
[WhiteTeamCountry "FRA"]
[BlackTeamCountry "FRA"]

1. d4 Nf6 2. Nf3 e6 3. c4 Bb4+ 4. Bd2 c5 5. Bxb4 cxb4 6. e3 0-0 7. Be2 d6 8. Nbd2 Re8 9. 0-0 e5 10. h3 Nc6 11. Re1 a5 12. Nf1 b6 13. a3 bxa3 14. bxa3 Bd7 15. Ng3 a4 16. Rb1 Qc7 17. Nh2 Na5 18. Rb4 Nb3 19. dxe5 dxe5 20. Ng4 Bxg4 21. hxg4 Ra5 22. g5 Rd8 23. Qb1 Ne8 24. Ne4 Nd6 25. Nc3 Nd2 26. Qa2 N6e4 27. Nd5 Qc5 28. Rxb6 Nb3 29. Rc6 Qa7 30. Rd1 Kf8 31. Qc2 Nxg5 32. Qf5 h6 33. Rc8 Ne6 34. Rxd8+ Nxd8 35. Qh7 Rxd5 36. Rxd5 Ne6 37. Bg4 Nbc5 38. Rxe5 Qa5 39. Qb1 Qc3 40. Qb8+ Ke7 41. Qa7+ 1-0

[Event "FRA-chT2S 0203"]
[Site "France"]
[Date "2003.03.15"]
[Round "8.3"]
[White "Gervais, Victor"]
[Black "Bogdanov, Emil"]
[Result "1-0"]
[WhiteElo "2275"]
[BlackElo "2242"]
[PlyCount "53"]
[EventDate "2002.10.??"]
[EventType "team-tourn"]
[EventRounds "11"]
[EventCountry "FRA"]
[SourceTitle "EXT 2004"]
[Source "ChessBase"]
[SourceDate "2003.11.25"]
[SourceVersion "1"]
[SourceVersionDate "2003.11.25"]
[SourceQuality "1"]
[WhiteTeam "Maromme"]
[BlackTeam "Le Vesinet"]
[WhiteTeamCountry "FRA"]
[BlackTeamCountry "FRA"]

1. d4 Nf6 2. c4 e6 3. Nf3 b6 4. e3 Bb7 5. Be2 Bb4+ 6. Bd2 a5 7. 0-0 0-0 8. Nc3 d6 9. a3 Bxc3 10. Bxc3 Ne4 11. Be1 Nd7 12. Nd2 f5 13. f3 Nxd2 14. Qxd2 Qg5 15. Rc1 Rad8 16. Bg3 e5 17. c5 f4 18. exf4 exf4 19. c6 Bc8 20. cxd7 Rxd7 21. Bc4+ d5 22. Bb5 Rdf7 23. Rfe1 Bb7 24. Bf2 Qf6 25. Qc2 c6 26. Bxc6 Rc8 27. Bxd5 1-0

[Event "FRA-ch Accession"]
[Site "Marseille"]
[Date "2001.08.19"]
[Round "6"]
[White "Seret, Jean Luc"]
[Black "Gervais, Victor"]
[Result "1/2-1/2"]
[WhiteElo "2347"]
[BlackElo "2244"]
[PlyCount "23"]
[EventDate "2001.08.14"]
[EventType "swiss"]
[EventRounds "9"]
[EventCountry "FRA"]
[SourceTitle "EXT 2025"]
[Source "ChessBase"]
[SourceDate "2024.10.14"]
[SourceVersion "1"]
[SourceVersionDate "2024.10.14"]
[SourceQuality "1"]

1. e4 e6 2. d3 c5 3. g3 Nc6 4. Bg2 Nge7 5. Nc3 d6 6. Be3 g6 7. Qd2 h5 8. h3 Bg7 9. f4 Qa5 10. Nd1 Qxd2+ 11. Kxd2 b6 12. Nf3 1/2-1/2

[Event "FRA-chJM5"]
[Site "Rochefort"]
[Date "1998.??.??"]
[Round "7"]
[White "Benitah, Yohan"]
[Black "Gervais, Victor"]
[Result "1-0"]
[WhiteElo "2345"]
[BlackElo "2250"]
[PlyCount "43"]
[EventDate "1998.04.??"]
[EventType "swiss"]
[EventRounds "9"]
[EventCountry "FRA"]
[SourceTitle "EXT 2000"]
[Source "ChessBase"]
[SourceDate "1999.11.16"]
[SourceVersion "1"]
[SourceVersionDate "1999.11.16"]
[SourceQuality "1"]

1. d4 Nf6 2. c4 c5 3. d5 e6 4. Nc3 exd5 5. cxd5 d6 6. e4 g6 7. f3 Bg7 8. Bg5 0-0 9. Qd2 Qa5 10. a4 Na6 11. Nge2 Nc7 12. Nc1 a6 13. Ra3 Re8 14. Be2 Bd7 15. 0-0 Rab8 16. Qf4 Nh5 17. Qxd6 Bc8 18. Nb3 Qb4 19. Be3 b6 20. Qxc7 Bxc3 21. Qxb8 Bxb2 22. Bxc5 1-0

[Event "Smith & Williamson YM 8th"]
[Site "Witley"]
[Date "1998.??.??"]
[Round "1"]
[White "Gervais, Victor"]
[Black "Ferguson, Mark"]
[Result "0-1"]
[WhiteElo "2250"]
[BlackElo "2410"]
[PlyCount "71"]
[EventDate "1998.07.??"]
[EventType "swiss"]
[EventRounds "9"]
[EventCountry "ENG"]
[SourceTitle "EXT 1999"]
[Source "ChessBase"]
[SourceDate "1998.11.16"]
[SourceVersion "1"]
[SourceVersionDate "1998.11.16"]
[SourceQuality "1"]

1. d4 d5 2. c4 c6 3. Nf3 Nf6 4. Nc3 dxc4 5. e4 b5 6. e5 Nd5 7. Be2 Bf5 8. Nh4 Nxc3 9. bxc3 Be6 10. a4 Bd5 11. Nf5 Nd7 12. Ne3 Nb6 13. Nxd5 Nxd5 14. e6 f6 15. axb5 cxb5 16. Bf3 Qd6 17. Qe2 a6 18. Qe4 0-0-0 19. 0-0 Qb6 20. Bf4 g6 21. Ra3 Nxf4 22. Qxf4 Rd6 23. d5 Bg7 24. Rfa1 Kb7 25. g4 Rf8 26. Be2 f5 27. g5 Qc5 28. Bf3 Rh8 29. Qc1 h6 30. h4 hxg5 31. Qxg5 Bf6 32. Qxg6 Bxh4 33. R1a2 Bxf2+ 34. Kf1 Bh4 35. Qxf5 Qe3 36. Rxa6 0-1

[Event "Smith & Williamson YM 8th"]
[Site "Witley"]
[Date "1998.??.??"]
[Round "4"]
[White "Palliser, Richard"]
[Black "Gervais, Victor"]
[Result "1-0"]
[WhiteElo "2165"]
[BlackElo "2250"]
[PlyCount "69"]
[EventDate "1998.07.??"]
[EventType "swiss"]
[EventRounds "9"]
[EventCountry "ENG"]
[SourceTitle "EXT 1999"]
[Source "ChessBase"]
[SourceDate "1998.11.16"]
[SourceVersion "1"]
[SourceVersionDate "1998.11.16"]
[SourceQuality "1"]

1. d4 Nf6 2. c4 c5 3. d5 e6 4. Nc3 g6 5. Nf3 exd5 6. cxd5 d6 7. h3 Bg7 8. e4 0-0 9. Bd3 Re8 10. 0-0 c4 11. Bxc4 Nxe4 12. Nxe4 Rxe4 13. Bg5 Qa5 14. Nd2 Re8 15. Re1 Bd7 16. Ne4 Qb4 17. Bd3 Qd4 18. Qf3 f5 19. Nxd6 Rxe1+ 20. Rxe1 Qb4 21. Re6 Bxe6 22. dxe6 Qe1+ 23. Bf1 Nc6 24. e7 h6 25. Qb3+ Kh7 26. Bh4 Nd4 27. Qe3 Qxe3 28. fxe3 Nc2 29. e8Q Rxe8 30. Nxe8 Be5 31. Bf6 Bb8 32. Kf2 Kg8 33. Bc3 Kf7 34. Nf6 b5 35. Nd5 1-0

[Event "Smith & Williamson YM 8th"]
[Site "Witley"]
[Date "1998.??.??"]
[Round "7"]
[White "Ribshtein, Nati"]
[Black "Gervais, Victor"]
[Result "1-0"]
[WhiteElo "2295"]
[BlackElo "2250"]
[PlyCount "85"]
[EventDate "1998.07.??"]
[EventType "swiss"]
[EventRounds "9"]
[EventCountry "ENG"]
[SourceTitle "EXT 1999"]
[Source "ChessBase"]
[SourceDate "1998.11.16"]
[SourceVersion "1"]
[SourceVersionDate "1998.11.16"]
[SourceQuality "1"]

1. c4 Nf6 2. Nc3 g6 3. d4 c5 4. d5 e6 5. e4 exd5 6. cxd5 d6 7. f3 Bg7 8. Bg5 0-0 9. Qd2 Na6 10. Nge2 Nc7 11. a4 Qe8 12. Ng3 Bd7 13. Be2 b5 14. axb5 Nxb5 15. 0-0 a6 16. Ra2 Qc8 17. Bc4 h5 18. Rfa1 Qb7 19. Nge2 Rfb8 20. Bh6 Bh8 21. Qd3 Ne8 22. Bf4 Nd4 23. Bxa6 Rxa6 24. Qxa6 Qxa6 25. Rxa6 Nxe2+ 26. Nxe2 Rxb2 27. R1a2 Rxa2 28. Rxa2 Kf8 29. Kf2 Bb5 30. Ra7 Bf6 31. Rb7 Ba4 32. Ke3 h4 33. Kd2 g5 34. Be3 Kg7 35. Nc3 Bxc3+ 36. Kxc3 Kf6 37. Rb6 g4 38. h3 gxh3 39. gxh3 Ke5 40. Kd3 Bd1 41. f4+ Kf6 42. Bxc5 Ba4 43. Bxd6 1-0

[Event "FRA-ch U20"]
[Site "Montlucon"]
[Date "1997.??.??"]
[Round "7"]
[White "Gervais, Victor"]
[Black "Coursaget, Nicolas"]
[Result "1/2-1/2"]
[WhiteElo "2255"]
[BlackElo "2135"]
[PlyCount "72"]
[EventDate "1997.??.??"]
[EventType "swiss"]
[EventRounds "8"]
[EventCountry "FRA"]
[SourceTitle "EXT 2001"]
[Source "ChessBase"]
[SourceDate "2000.11.22"]
[SourceVersion "1"]
[SourceVersionDate "2000.11.22"]
[SourceQuality "1"]

1. d4 Nf6 2. c4 e5 3. dxe5 Ne4 4. Qc2 d5 5. exd6 Bf5 6. g4 Bg6 7. Bg2 Nc5 8. dxc7 Qxc7 9. Qc3 Nc6 10. a3 0-0-0 11. Be3 Bd6 12. Nf3 Ne4 13. Qc1 h5 14. g5 h4 15. Bh3+ Kb8 16. c5 Be5 17. Nxe5 Nxe5 18. f3 Ng3 19. hxg3 Nd3+ 20. exd3 Qxg3+ 21. Kd2 Qxf3 22. Kc2 Rxd3 23. Nc3 Rxe3+ 24. Kb3 Qd5+ 25. Kb4 a5+ 26. Kxa5 b6+ 27. Kxb6 Qd8+ 28. Kb5 Bd3+ 29. Ka4 Qd4+ 30. b4 Kc7 31. Bg2 Bc4 32. Rd1 Qxc3 33. Qxc3 Rxc3 34. Rac1 Bb3+ 35. Ka5 Rg3 36. Rg1 Rxg2 1/2-1/2

[Event "Hengelo U20 op"]
[Site "Hengelo"]
[Date "1996.??.??"]
[Round "4"]
[White "Ernst, Sipke"]
[Black "Gervais, Victor"]
[Result "1/2-1/2"]
[WhiteElo "2240"]
[BlackElo "2255"]
[PlyCount "77"]
[EventDate "1996.??.??"]
[EventType "swiss"]
[EventRounds "9"]
[EventCountry "NED"]
[SourceTitle "EXT 2001"]
[Source "ChessBase"]
[SourceDate "2000.11.22"]
[SourceVersion "1"]
[SourceVersionDate "2000.11.22"]
[SourceQuality "1"]

1. d4 Nf6 2. Nf3 e6 3. Bg5 d5 4. Nbd2 Be7 5. e3 b6 6. c3 Nbd7 7. Bd3 Bb7 8. 0-0 Ne4 9. Bxe7 Qxe7 10. Qe2 0-0 11. Rac1 c5 12. Rfd1 Rad8 13. Ba6 Nxd2 14. Rxd2 Ba8 15. Bb5 Nb8 16. Qd1 c4 17. Ba4 Bc6 18. Bc2 Nd7 19. Qe2 f5 20. Ne5 Nxe5 21. dxe5 f4 22. exf4 Rxf4 23. g3 Rf7 24. Rd4 g6 25. f4 Rdf8 26. Rf1 g5 27. Qg4 Kh8 28. Bd1 gxf4 29. Rfxf4 Rxf4 30. Rxf4 Rxf4 31. Qxf4 Be8 32. Bc2 Kg7 33. h4 Bg6 34. Bxg6 hxg6 35. Kg2 b5 36. Kh3 a5 37. a3 Qf7 38. Qe3 Qf5+ 39. Kh2 1/2-1/2

[Event "FRA-ch Accession"]
[Site "Auxerre"]
[Date "1996.??.??"]
[Round "4"]
[White "Midoux, Sebastien"]
[Black "Gervais, Victor"]
[Result "1/2-1/2"]
[WhiteElo "2245"]
[BlackElo "2275"]
[PlyCount "110"]
[EventDate "1996.??.??"]
[EventType "swiss"]
[EventRounds "10"]
[EventCountry "FRA"]
[SourceTitle "EXT 2004"]
[Source "ChessBase"]
[SourceDate "2003.11.25"]
[SourceVersion "1"]
[SourceVersionDate "2003.11.25"]
[SourceQuality "1"]

1. Nf3 Nf6 2. c4 c5 3. Nc3 Nc6 4. g3 g6 5. Bg2 Bg7 6. 0-0 0-0 7. d4 d6 8. h3 Bd7 9. Be3 cxd4 10. Nxd4 Qc8 11. Nxc6 bxc6 12. Kh2 Rb8 13. b3 Ng4+ 14. hxg4 Bxc3 15. Rc1 Bg7 16. Qd2 Bxg4 17. Bxa7 Ra8 18. Be3 Qa6 19. a4 Rab8 20. Bd4 e5 21. Ba1 Rfd8 22. Qe3 h5 23. Rfd1 Kh7 24. Rb1 Qb6 25. Qxb6 Rxb6 26. c5 Rbb8 27. Rxd6 Bxe2 28. Rxd8 Rxd8 29. Re1 Bd1 30. Bxe5 Bxb3 31. Bxg7 Kxg7 32. Ra1 Bd5 33. a5 Bxg2 34. Kxg2 Ra8 35. a6 Ra7 36. Kf3 Kf6 37. Ke4 Ke6 38. Kd4 Kd7 39. Ke5 Ke7 40. Kd4 Kd7 41. Kc4 Ra8 42. Ra3 Kc8 43. Kd4 Kd7 44. Kc4 Kc8 45. Ra4 Kd7 46. Ra2 Kd8 47. Kd4 Kd7 48. Ke5 Ke7 49. Ra3 Ra7 50. Kd4 Kd8 51. Kc3 Ra8 52. Ra4 Kd7 53. Kb4 Rb8+ 54. Kc4 Ra8 55. Ra3 Kc8 1/2-1/2

[Event "Wch U18"]
[Site "Guarapuava"]
[Date "1995.??.??"]
[Round "4"]
[White "Chuprov, Dmitry"]
[Black "Gervais, Victor"]
[Result "1-0"]
[WhiteElo "2420"]
[BlackElo "2270"]
[PlyCount "39"]
[EventDate "1995.12.01"]
[EventType "swiss"]
[EventRounds "11"]
[EventCountry "BRA"]
[SourceTitle "Juniors"]
[Source "ChessBase"]
[SourceDate "1999.07.01"]
[SourceVersion "1"]
[SourceVersionDate "1999.07.01"]
[SourceQuality "1"]

1. e4 c6 2. d4 d5 3. e5 Bf5 4. Nf3 e6 5. Be2 c5 6. Be3 Nc6 7. dxc5 Qc7 8. 0-0 Nge7 9. c3 Ng6 10. Na3 a6 11. Nd4 Nge7 12. Qa4 Qxe5 13. Nab5 0-0-0 14. Nd6+ Rxd6 15. cxd6 Qxd6 16. Rfd1 Nxd4 17. cxd4 Kb8 18. Rac1 Ka7 19. Rc5 Qb6 20. Bxa6 1-0

[Event "Wch U18"]
[Site "Guarapuava"]
[Date "1995.??.??"]
[Round "3"]
[White "Gervais, Victor"]
[Black "Ibrayev, Nurlan"]
[Result "1-0"]
[WhiteElo "2270"]
[BlackElo "2285"]
[PlyCount "129"]
[EventDate "1995.12.01"]
[EventType "swiss"]
[EventRounds "11"]
[EventCountry "BRA"]
[SourceTitle "Juniors"]
[Source "ChessBase"]
[SourceDate "1999.07.01"]
[SourceVersion "1"]
[SourceVersionDate "1999.07.01"]
[SourceQuality "1"]

1. d4 Nf6 2. Nf3 d6 3. g3 Nbd7 4. Bg2 e5 5. dxe5 dxe5 6. 0-0 Be7 7. Nc3 c6 8. e4 0-0 9. Qe2 Qc7 10. Nd2 b5 11. f4 a5 12. Qf3 b4 13. Nd1 Ba6 14. Re1 Nc5 15. Nb3 Rad8 16. Nf2 a4 17. Nxc5 Bxc5 18. Be3 Bd4 19. Bxd4 Rxd4 20. Red1 Rfd8 21. Rxd4 Rxd4 22. Rd1 Rxd1+ 23. Qxd1 g6 24. Qd2 Qb6 25. Kh1 Qc5 26. fxe5 Qxe5 27. Qxb4 Bb5 28. Bf3 Qg5 29. Qe1 Qe5 30. b3 a3 31. c4 Ba6 32. Nd3 Qd4 33. Nb4 Bb7 34. e5 Ng4 35. e6 Ne5 36. e7 Nxf3 37. e8Q+ Kg7 38. Qf1 c5 39. Nd5 Bxd5 40. cxd5 Qxd5 41. Qc4 Qd1+ 42. Kg2 Ne1+ 43. Kf2 Nd3+ 44. Ke3 Qe1+ 45. Kxd3 Qxe8 46. Qxc5 Qa8 47. b4 Qf3+ 48. Qe3 Qf1+ 49. Kc2 Qh1 50. Kb3 Qxh2 51. Kxa3 Qc2 52. b5 Qc4 53. b6 Qa6+ 54. Kb2 f6 55. Qe7+ Kh6 56. b7 Qb5+ 57. Kc3 Qc6+ 58. Kb3 Qb5+ 59. Qb4 Qd3+ 60. Kb2 Qe2+ 61. Kc3 Qe1+ 62. Kc4 Qe4+ 63. Kb3 Qd3+ 64. Kb2 Qe2+ 65. Kc1 1-0

[Event "Avoine op 10th"]
[Site "Avoine"]
[Date "1995.??.??"]
[Round "5"]
[White "Gervais, Victor"]
[Black "Shchekachev, Andrei"]
[Result "0-1"]
[WhiteElo "2225"]
[BlackElo "2465"]
[PlyCount "120"]
[EventDate "1995.08.??"]
[EventType "swiss"]
[EventRounds "9"]
[EventCountry "FRA"]
[SourceTitle "EXT 1997"]
[Source "ChessBase"]
[SourceDate "1996.11.15"]
[SourceVersion "1"]
[SourceVersionDate "1996.11.15"]
[SourceQuality "1"]

1. d4 g6 2. c4 Nf6 3. Nc3 Bg7 4. g3 0-0 5. Bg2 d6 6. Nf3 Nc6 7. 0-0 a6 8. h3 Bd7 9. Re1 Re8 10. e4 e5 11. d5 Nd4 12. Be3 Qc8 13. Kh2 Nxf3+ 14. Qxf3 Ng4+ 15. Kg1 Nxe3 16. Qxe3 Bxh3 17. f3 h5 18. b4 Bd7 19. Kf2 Kh7 20. Rh1 Bh6 21. Qe2 Qd8 22. Bh3 Bxh3 23. Rxh3 Kg7 24. Rhh1 Bg5 25. Qb2 Rh8 26. Ne2 Qe7 27. Kg2 h4 28. Raf1 Qf6 29. f4 exf4 30. Qxf6+ Bxf6 31. gxf4 Rae8 32. Kf3 Re7 33. Nc1 Rhe8 34. Re1 Bc3 35. Re2 Bxb4 36. Rxh4 Bc3 37. Rhh2 Bd4 38. Nb3 Bb6 39. Re1 f5 40. Rhe2 Kf6 41. exf5 Rxe2 42. Rxe2 Rxe2 43. Kxe2 Kxf5 44. Kf3 Bg1 45. Nc1 c6 46. Ne2 Ba7 47. Ng3+ Kf6 48. Ke4 Bf2 49. Ne2 cxd5+ 50. Kxd5 Kf5 51. Kxd6 Ke4 52. Kc7 Kd3 53. Nc1+ Kxc4 54. Kxb7 a5 55. Ka6 a4 56. Ka5 Be3 57. Ne2 Kd3 58. f5 gxf5 59. Ng3 f4 60. Nf1 Bg1 0-1